000 00339nam a2200133Ia 4500
008 220120s9999||||xx |||||||||||||| ||und||
020 _a9788128011702
082 _a510 CHA
100 _aK.S.C
245 0 _aEngineering mathematics II
260 _aSudha publication
_bBangalore
_c2015
300 _aXII, 302p.
_b180
650 _aMECHANICAL
999 _c134648
_d134648